00605nam a2200193 i 4500001000400000100002100004245011500025250001800140260005200158300002500210500002000235650003000255655002900285700001900314020002100333040000800354041000800362008004100370bgj1 aGREENALL, Simon.10aEffective reading :breading skills for advanced students : teacher's book /cSimon Greenall and Michael Swan. a[8th print.]. aCambridge :bCambridge University Press,c1996. aIV, 124 pp ;c23 cm. a1st publ. 1986. 9aEnglish languagexReading aTextbooks for foreigners1 aSWAN, Michael. a0521317606 (pbk) cBPK0 aeng s uk f |000 0 eng